| 000 | 00952 a2200229 4500 | ||
|---|---|---|---|
| 003 | Nust | ||
| 005 | 20221027122200.0 | ||
| 010 | _a 83022866 | ||
| 020 | _a0030617588 | ||
| 040 | _cNust | ||
| 082 | 0 | 0 | _a621.3,SCH |
| 100 | 1 |
_aSchwarz, Steven E. _9101484 |
|
| 245 | 1 | 0 |
_aElectrical engineering :an introduction / _cSteven E. Schwarz and William G. Oldham. |
| 260 |
_aNew York : _bHolt, Rinehart, and Winston, _cc1984. |
||
| 300 |
_axiv, 722 p. : _bill. ; _c25 cm. |
||
| 490 | 0 | _aHRW series in electrical and computer engineering | |
| 505 | _aPart 1:- Analysis of Passive DC Circuits (Page-19), Part 2:- Time Dependent Circuit Analysis (Page-137), Part 3:- Analog Systems (Page-267), Part 4:- Digital Systems (Page-361), Part 5:- Active Circuits (Page-445), Part 6:- Power Devices and Systems (Page-595), | ||
| 650 | 0 |
_aElectric circuits. _910997 |
|
| 650 | 0 | _aElectrical engineering. | |
| 700 | 1 |
_aOldham, William G. _9101485 |
|
| 942 |
_2ddc _cBK |
||
| 999 |
_c179292 _d179292 |
||